| 000 | 00819cab a2200229 4500 | ||
|---|---|---|---|
| 001 | WB3205-41 | ||
| 008 | 090401t1996 xxu||||| |||| 00| 0 eng d | ||
| 035 | _a(Sirsi) u14286 | ||
| 041 | _aeng | ||
| 245 | _aCase for insuring against negligence | ||
| 260 | _c1996 | ||
| 350 | _a0 | ||
| 490 |
_aEstates Gazette _v(9604) 27 January 1996, 125(1) |
||
| 520 | _aIn a litigation-conscious time professional indemnity insurance is not a luxury. Examines "Williams v Natural Life Health Foods Ltd" and issues of responsibility, liability and negligence. | ||
| 650 | _aNEGLIGENCE | ||
| 650 | _aPROFESSIONAL INDEMNITY INSURANCE | ||
| 650 | _aWILLIAMS V NATURAL LIFE HEALTH FOODS LTD | ||
| 690 |
_aINSURANCE _96249 |
||
| 690 | _aMANAGEMENT-BUSINESS MANAGEMENT-PROFESSIONAL PRACTICE | ||
| 942 | _n0 | ||
| 948 | _c04/03/1997 | ||
| 999 |
_c9288 _d9288 |
||